Εκμετάλλευση και διαχείριση υπόγειου νερού

Αποθηκεύτηκε σε:
Λεπτομέρειες βιβλιογραφικής εγγραφής
Κύριος συγγραφέας: Βουδούρης, Κώστας
Μορφή: Βιβλίο
Γλώσσα:Greek
Δημοσίευση: Αθήνα : Τζιόλας, 2015.
Θέματα:
Ετικέτες: Προσθήκη ετικέτας
Δεν υπάρχουν, Καταχωρήστε ετικέτα πρώτοι!

MARC

LEADER 00000nam a2200000 a 4500
001 1/109574
008 160114s2015####gr | ||| |||||||gre||
020 |a 9789604184699  
040 |a GR-MyUa  |b gre  |c GR-MyUa  |e AACR2 
041 0 |a gre 
082 7 |a 628.114   |2 (23)  
100 1 |a Βουδούρης, Κώστας. 
245 1 0 |a Εκμετάλλευση και διαχείριση υπόγειου νερού /   |c Κώστας Βουδούρης.  
260 |a Αθήνα :   |b Τζιόλας,   |c 2015.  
300 |a 654 σ. ;   |c 24 εκ.  
504 |a Περιλαμβάνει βιβλιογραφία και ευρετήριο.  
650 0 |a Groundwater  |x Management. 
650 0 |a Hydrogeology  |x Mathematical models. 
852 |a INST  |b LESVOS  |c EUDOXUS  |e 20160114  |h 628.114 ΒΟΥ  |p 005100057819  |q 005100057819  |t EDX  |y 0 
920 |a Εύδοξος  |b Παραγγελία  |y Λέσβος-ΤΠ  |z 2016-01 
970 |a Τζαφέρη   |b Ευαγγελία   |z 14-01-2015